Оценка результативности системы менеджмента качества; Ресурсоэффективные системы в управлении и контроле: взгляд в будущее; Ч. 2

Bibliografiske detaljer
Parent link:Ресурсоэффективные системы в управлении и контроле: взгляд в будущее: сборник научных трудов II Международной конференции школьников, студентов, аспирантов, молодых ученых, 08 - 12 октября 2013 г./ Национальный исследовательский Томский политехнический университет (ТПУ).— , 2013
Ч. 2.— 2013.— [С. 129-131]
Hovedforfatter: Сальков С. Е.
Institution som forfatter: Национальный исследовательский Томский политехнический университет (ТПУ) Институт неразрушающего контроля (ИНК) Кафедра физических методов и приборов контроля качества (ФМПК)
Andre forfattere: Червова Л. В. (научный руководитель), Редько Л. А. Людмила Анатольевна
Summary:Заглавие с титульного экрана
Sprog:russisk
Udgivet: 2013
Serier:Эффективные системы управления качеством
Fag:
Online adgang:http://www.lib.tpu.ru/fulltext/c/2013/C47/V2/052.pdf
Format: Electronisk Book Chapter
KOHA link:https://koha.lib.tpu.ru/cgi-bin/koha/opac-detail.pl?biblionumber=603127

MARC

LEADER 00000naa2a2200000 4500
001 603127
005 20260226113718.0
035 |a (RuTPU)RU\TPU\conf\266 
035 |a RU\TPU\conf\264 
090 |a 603127 
100 |a 20131212d2013 k y0rusy50 ca 
101 0 |a rus 
102 |a RU 
135 |a drnn ---uucaa 
181 0 |a i  
182 0 |a b 
200 1 |a Оценка результативности системы менеджмента качества  |f С. Е. Сальков, Л. В. Червова  |g науч. рук. Л. А. Редько 
203 |a Текст  |c электронный 
225 1 |a Эффективные системы управления качеством 
300 |a Заглавие с титульного экрана 
320 |a [Библиогр.: с. 131 (6 назв.)] 
337 |a Adobe Reader 
461 1 |0 (RuTPU)RU\TPU\conf\171  |t Ресурсоэффективные системы в управлении и контроле: взгляд в будущее  |o сборник научных трудов II Международной конференции школьников, студентов, аспирантов, молодых ученых, 08 - 12 октября 2013 г.  |o в 4 ч.  |f Национальный исследовательский Томский политехнический университет (ТПУ)  |d 2013 
463 1 |0 (RuTPU)RU\TPU\conf\241  |t Ч. 2  |v [С. 129-131]  |d 2013 
610 1 |a труды учёных ТПУ 
610 1 |a электронный ресурс 
610 1 |a результативность 
610 1 |a система менеджмента качества 
700 1 |a Сальков  |b С. Е. 
701 1 |a Червова  |b Л. В. 
702 1 |a Редько  |b Л. А.  |c специалист в области качества  |c доцент Томского политехнического университета, кандидат технических наук  |f 1978-  |g Людмила Анатольевна  |4 727 
712 0 2 |a Национальный исследовательский Томский политехнический университет (ТПУ)  |b Институт неразрушающего контроля (ИНК)  |b Кафедра физических методов и приборов контроля качества (ФМПК)  |3 (RuTPU)RU\TPU\col\18709 
801 2 |a RU  |b 63413507  |c 20131212  |g RCR 
856 4 |u http://www.lib.tpu.ru/fulltext/c/2013/C47/V2/052.pdf 
942 |c BK